| 000 | 00538nam a2200217 a 4500 | ||
|---|---|---|---|
| 001 | 0001-2606 | ||
| 003 | ELIB.Books | ||
| 008 | 200311 2010 eng | ||
| 020 | _a9780801026768 | ||
| 092 |
_a227.91 _bMcC |
||
| 100 | _aMcCartney, Dan G. | ||
| 245 | _aJames | ||
| 260 |
_aGrand Rapids _bBaker Academic _c2009 |
||
| 300 |
_a335 _c23.5 cm |
||
| 650 | _aNew Testament | ||
| 856 |
_nKBTS Library _uKBTS Elib |
||
| 942 |
_2ddc _cBK |
||
| 990 | _a1 | ||
| 998 |
_aEnglishbooks.elf _ccat _e2020-03-11 |
||
| 999 |
_c12606 _d12606 |
||